Statistics for Countries with Buildings over 350 Meters

Click here to take the quiz!

General Stats

  • This quiz has been taken 414 times
  • The average score is 8 of 10

Answer Stats

#CountryTallest% Correct
34China632
99%
11United States541.3
99%
13United Arab Emirates828
98%
2Saudi Arabia601
84%
3Russia462
82%
2South Korea554.5
80%
3Malaysia451.9
79%
1Taiwan508
74%
1Kuwait413
55%
1Vietnam461.2
49%

Score Distribution

Percentile by Number Answered

Percent of People with Each Score

Your Score History

You have not taken this quiz